[Event "ch-CHN 2011"]
[Site "Xinghua Jiangsu CHN"]
[Date "2011.03.30"]
[Round "1"]
[White "Li Chao2"]
[Black "Li Shilong"]
[Result "0-1"]
[WhiteElo "2646"]
[BlackElo "2520"]
[EventDate "2011.03.30"]

1. d4 Nf6 2. c4 g6 3. g3 Bg7 4. Bg2 O-O 5. Nc3 d6 6. Nf3 Nbd7 7. O-O e5 8.
e4 c6 9. Re1 exd4 10. Nxd4 Ng4 11. h3 Qb6 12. hxg4 Bxd4 13. Rf1 Bg7 14.
Qxd6 Ne5 15. c5 Qa5 16. Bh6 Bxh6 17. Qxe5 Bxg4 18. Qe7 Bg7 19. e5 Rae8 20.
Qxb7 Qxc5 21. Rac1 Rb8 22. Qxc6 Qxc6 23. Bxc6 Bxe5 24. b3 Rfd8 25. Rfe1 Bd4
26. Nd5 Be6 27. Nc7 Bf5 28. Bf3 Bb2 29. Rc4 Rd2 30. g4 Bd3 31. Ra4 Rd8 32.
Nd5 Bb5 33. Ne7+ Kf8 34. Rae4 Bd4 35. Be2 Bd3 36. Rf4 g5 37. Rxd4 Rxd4 38.
Bxd3 R2xd3 39. Nc6 Rd1 40. Rxd1 Rxd1+ 41. Kg2 a6 42. Na5 Ke7 43. Kf3 Re1
44. a4 Ke6 45. b4 Rb1 46. Nc6 Kd6 47. b5 axb5 48. axb5 Rxb5 49. Nd4 Rb4 50.
Nc2 Rf4+ 51. Kg3 Ke5 52. Ne1 Ra4 53. Nf3+ Kf6 54. Ng1 Ra3+ 55. f3 Ke5 56.
Nh3 h6 57. Nf2 Kd4 58. Nd1 Ke5 0-1

[Event "ch-CHN 2011"]
[Site "Xinghua Jiangsu CHN"]
[Date "2011.03.30"]
[Round "1"]
[White "Xiu Deshun"]
[Black "Hou Yifan"]
[Result "1/2-1/2"]
[WhiteElo "2508"]
[BlackElo "2602"]
[EventDate "2011.03.30"]

1. Nf3 c5 2. c4 Nc6 3. d4 cxd4 4. Nxd4 g6 5. e4 Nf6 6. Nc3 d6 7. Be2 Nxd4
8. Qxd4 Bg7 9. Bg5 O-O 10. Qd2 a5 11. Rc1 a4 12. f3 Be6 13. Rc2 Qd7 14. O-O
Rfc8 15. Rfc1 Qd8 16. Nb5 Nd7 17. Kh1 Nc5 18. Qe3 Qf8 19. Rd2 Bd7 20. Nc3
Ne6 21. Nd5 Nxg5 22. Qxg5 Bh6 23. Qxe7 Bxd2 24. Rd1 Be6 25. Qxf8+ Kxf8 26.
Rxd2 Bxd5 27. Rxd5 Rc6 28. Kg1 Rb6 29. Rd2 a3 30. bxa3 Rxa3 31. Bd1 Ke7 32.
Bb3 Ra5 33. Re2 Re5 34. f4 Rc5 35. Kf2 g5 36. f5 Kf6 37. Ke3 Ke5 38. Kd3
Ra6 39. Rf2 h6 40. Ke3 Ra3 41. Rd2 Ra6 42. Kd3 Rac6 43. Ba4 Rc7 44. Bb5 Re7
45. Ke3 Rec7 46. Rb2 Kf6 47. Kd4 Re7 48. Ba4 Rec7 49. Rb4 Ke7 50. Bb5 Kd8
51. Ra4 Re7 52. Ra8+ Kc7 53. Ba4 Rce5 54. Bc2 Re8 55. Ra3 Rc5 56. Rh3 Rh8
57. Bd1 Ra5 58. a4 f6 59. Bc2 h5 60. Bd1 h4 61. Rc3 Rha8 62. Rc1 R8a6 63.
Bb3 Rb6 64. Kc3 Re5 65. Bc2 Kc6 66. Rd1 Kc5 67. Rd2 Rb4 68. Bb3 Rxb3+ 69.
Kxb3 Rxe4 70. Rd5+ Kc6 71. Rd2 Rf4 72. Kb4 Rxf5 73. a5 Rf4 74. h3 f5 75.
Kc3 g4 76. hxg4 fxg4 77. Rd5 Rf2 78. Rh5 Rxg2 79. Rxh4 g3 80. Rg4 Rg1 81.
Rg5 g2 82. Kb2 Kd7 83. Rg3 Ke6 84. Rg5 Kf6 85. Rg8 Ke5 86. Rg4 Kf5 87. Rg7
Ke4 88. Rg6 Ke3 89. Re6+ Kf4 90. Rg6 Ke4 91. Ka2 Rc1 92. Rxg2 Rxc4 93. Kb3
Rc5 94. Kb4 Kd5 95. Rg5+ Kd4 96. Rg4+ Kd3 97. Rg6 Rc6 98. Kb5 Kc3 99. Rg7
Rc5+ 100. Kb6 Kb4 101. Rg4+ Kc3 102. Ra4 Kb3 103. Rd4 Rh5 104. Rxd6 Kc4
105. Kxb7 1/2-1/2

[Event "ch-CHN 2011"]
[Site "Xinghua Jiangsu CHN"]
[Date "2011.03.31"]
[Round "2"]
[White "Li Chao2"]
[Black "Xiu Deshun"]
[Result "0-1"]
[WhiteElo "2646"]
[BlackElo "2508"]
[EventDate "2011.03.30"]

1. d4 Nf6 2. c4 e6 3. g3 Bb4+ 4. Bd2 Bxd2+ 5. Qxd2 d5 6. Bg2 c6 7. Nf3 Nbd7
8. O-O O-O 9. Rc1 b6 10. Ne5 Nxe5 11. dxe5 Nd7 12. f4 Bb7 13. cxd5 cxd5 14.
Nc3 a6 15. e4 dxe4 16. Rd1 Nc5 17. Qe3 Qc7 18. b4 Nd3 19. Nxe4 Nxb4 20.
Rac1 Qb8 21. Rd7 Nd5 22. Qd3 Rc8 23. Rf1 Rc7 24. Rd6 Qc8 25. h4 Rc2 26. Rf2
Rxf2 27. Nxf2 Qc1+ 28. Kh2 Qb2 29. Qf3 Rc8 30. f5 Ba8 31. fxe6 fxe6 32. Qg4
Re8 33. Nd3 Qxa2 34. Rd7 Qxg2+ 35. Kxg2 Ne3+ 36. Kh3 Nxg4 37. Kxg4 Bd5 38.
Nf4 a5 39. Nh5 Kh8 40. Kf4 Rg8 41. Ke3 a4 42. Ra7 b5 43. g4 b4 44. Rxa4 Rb8
45. Nf4 b3 46. Nxd5 exd5 47. Ra1 b2 48. Rb1 Kg8 0-1

[Event "ch-CHN 2011"]
[Site "Xinghua Jiangsu CHN"]
[Date "2011.04.01"]
[Round "3"]
[White "Xiu Deshun"]
[Black "Li Shilong"]
[Result "1/2-1/2"]
[WhiteElo "2508"]
[BlackElo "2520"]
[EventDate "2011.03.30"]

1. c4 Nf6 2. Nc3 g6 3. e4 d6 4. d4 Bg7 5. f3 c6 6. Be3 a6 7. a4 a5 8. Bd3
Na6 9. Qd2 Nb4 10. Rd1 Nxd3+ 11. Qxd3 O-O 12. Nge2 b6 13. b3 e6 14. Qd2 Ba6
15. h4 Qb8 16. e5 Ne8 17. h5 dxe5 18. Bh6 Ra7 19. Bxg7 Nxg7 20. hxg6 fxg6
21. Ne4 b5 22. axb5 cxb5 23. dxe5 Qxe5 24. Qxa5 Raa8 25. Qd2 Bb7 26. Qh6
Bxe4 27. Qxh7+ Kf7 28. fxe4 Ke7 29. c5 Ra1 30. Qxg6 Rxd1+ 31. Kxd1 Qa1+ 32.
Kc2 Qa2+ 33. Kc1 Qa3+ 34. Kc2 Qa2+ 1/2-1/2

[Event "ch-CHN 2011"]
[Site "Xinghua Jiangsu CHN"]
[Date "2011.04.01"]
[Round "3"]
[White "Yu Yangyi"]
[Black "Zhao Jun"]
[Result "1/2-1/2"]
[WhiteElo "2652"]
[BlackElo "2580"]
[EventDate "2011.03.30"]

1. e4 c5 2. Nf3 d6 3. d4 cxd4 4. Nxd4 Nf6 5. Nc3 a6 6. Bg5 e6 7. f4 Qb6 8.
a3 Nc6 9. Nb3 Be7 10. Qf3 Qc7 11. O-O-O h6 12. Bh4 g5 13. e5 gxh4 14. exf6
Bxf6 15. Ne4 Be7 16. Qc3 Rg8 17. Nf6+ Bxf6 18. Qxf6 Qe7 19. Qxh6 Bd7 20. f5
exf5 21. Rxd6 Be6 22. Rd2 Rd8 23. Rxd8+ Kxd8 24. Nd2 Bd5 25. Nf3 Bxf3 26.
Qd2+ Qd7 27. gxf3 Qxd2+ 28. Kxd2 Nd4 29. f4 Rg4 30. Bd3 Rxf4 31. Ke3 Ne6
32. h3 Ke7 33. Rg1 Kf6 34. Rg8 Rd4 35. Rh8 f4+ 36. Kf2 Nc5 37. Rxh4 Nxd3+
38. cxd3 Ke5 39. Rh5+ f5 40. Rh7 Kf6 41. Rh4 Ke5 42. Rh5 b5 43. Rh7 Kf6 44.
Ra7 Rxd3 45. Rxa6+ Kg5 46. b4 Rxh3 47. Ra8 Rb3 48. Rg8+ Kf6 49. Rb8 Ke5 50.
Re8+ Kd4 51. Rd8+ Ke4 52. Re8+ Kd4 53. Rd8+ Kc3 54. Rd5 Kc4 55. Rc5+ Kd4
56. Rxf5 Rxa3 57. Rxb5 Ke4 58. Ra5 Rf3+ 59. Ke2 Rb3 60. Ra2 Rh3 61. Ra8
Rh2+ 62. Kf1 Kf3 63. Ra3+ Kg4 64. b5 Rb2 1/2-1/2

[Event "ch-CHN 2011"]
[Site "Xinghua Jiangsu CHN"]
[Date "2011.04.02"]
[Round "4"]
[White "Li Shilong"]
[Black "Zhao Jun"]
[Result "0-1"]
[WhiteElo "2520"]
[BlackElo "2580"]
[EventDate "2011.03.30"]

1. d4 Nf6 2. c4 g6 3. Nc3 Bg7 4. e4 d6 5. f3 c5 6. d5 O-O 7. Bg5 e6 8. Qd2
h6 9. Be3 exd5 10. cxd5 Re8 11. Nge2 Nbd7 12. Ng3 h5 13. Be2 h4 14. Nf1 Ne5
15. Bh6 h3 16. Bxg7 Kxg7 17. g4 b5 18. Ng3 b4 19. Nd1 Nexg4 20. fxg4 Nxe4
21. Nxe4 Rxe4 22. Nf2 Rd4 23. Qe3 Rxd5 24. O-O Re5 25. Qf3 Qe7 26. Bb5 Rb8
27. Bc6 Ba6 28. Rfc1 Re3 29. Qd5 Rc8 30. Rd1 Re2 31. Rf1 Re5 32. Qf3 Be2
33. Qh1 Bxf1 34. Kxf1 Re3 35. b3 Qf6 36. Rd1 Rc7 37. Qd5 Rce7 38. Bb5 R7e5
39. Qc6 Qe6 40. Nd3 Qxg4 41. Nf2 Qf4 42. Qh1 Rf3 0-1

[Event "ch-CHN 2011"]
[Site "Xinghua Jiangsu CHN"]
[Date "2011.04.02"]
[Round "4"]
[White "Ding Liren"]
[Black "Yu Yangyi"]
[Result "1/2-1/2"]
[WhiteElo "2637"]
[BlackElo "2652"]
[EventDate "2011.03.30"]

1. d4 Nf6 2. c4 e6 3. Nc3 Bb4 4. f3 c5 5. d5 O-O 6. e4 Re8 7. Nge2 d6 8.
Nf4 exd5 9. cxd5 Nbd7 10. Be2 Ne5 11. Nd3 Nxd3+ 12. Qxd3 Nh5 13. Be3 f5 14.
O-O Bxc3 15. bxc3 Qh4 16. Qd2 h6 17. Bf2 Qg5 18. Qxg5 hxg5 19. Bb5 Re5 20.
Rfe1 Nf4 21. Bg3 a6 22. Bf1 fxe4 23. Rxe4 Rxe4 24. fxe4 Bg4 25. Re1 Rd8 26.
h3 Bc8 27. e5 dxe5 28. Rxe5 Kf7 29. d6 Ne6 30. Rf5+ Kg6 31. Bd3 Kh6 32. Be4
Nf4 33. Rxc5 Ne2+ 34. Kh2 Nxg3 35. Kxg3 Be6 36. h4 gxh4+ 37. Kxh4 g6 38. g4
Rxd6 39. Rc7 g5+ 40. Kg3 Rd7 41. Rxd7 Bxd7 42. Bxb7 Be6 43. Bxa6 Bxa2 44.
c4 Kg7 45. Kf3 Kf6 46. Ke4 Ke6 47. c5 Bd5+ 48. Kd4 Bf3 49. Bc8+ Ke7 50. Ke3
Bd1 51. Kd2 Bf3 52. Ke3 Bd1 53. Ke4 Kd8 54. Bf5 Kc7 55. Ke3 Kc6 56. Kd4 Be2
57. Be6 Bd1 1/2-1/2

[Event "ch-CHN 2011"]
[Site "Xinghua Jiangsu CHN"]
[Date "2011.04.02"]
[Round "4"]
[White "Hou Yifan"]
[Black "Zhang Ziyang"]
[Result "1/2-1/2"]
[WhiteElo "2602"]
[BlackElo "2442"]
[EventDate "2011.03.30"]

1. e4 e5 2. Nf3 Nc6 3. Bb5 a6 4. Ba4 Nf6 5. Qe2 d6 6. c3 Be7 7. O-O O-O 8.
Rd1 b5 9. Bb3 d5 10. d3 Bb7 11. Nbd2 dxe4 12. dxe4 Bd6 13. Nf1 Ne7 14. Ng3
Qe8 15. Nh4 Kh8 16. Bc2 Qc6 17. Bg5 Nfg8 18. Nhf5 f6 19. Be3 Rad8 20. a4
Bc5 21. h4 Bxe3 22. Nxe3 Ng6 23. h5 Nf4 24. Qf3 Rxd1+ 25. Qxd1 Ne7 26. axb5
axb5 27. Qg4 Bc8 28. Ngf5 Nxf5 29. Nxf5 Bxf5 30. Qxf5 b4 31. Ba4 Qa8 32.
cxb4 g6 33. hxg6 hxg6 34. Qd7 Qxe4 35. Bc6 Ne2+ 36. Kf1 Qc4 37. b3 Ng3+ 38.
Kg1 Ne2+ 39. Kf1 Ng3+ 40. Kg1 Ne2+ 41. Kf1 1/2-1/2

[Event "ch-CHN 2011"]
[Site "Xinghua Jiangsu CHN"]
[Date "2011.04.02"]
[Round "4"]
[White "Li Chao2"]
[Black "Zhou Jianchao"]
[Result "1-0"]
[WhiteElo "2646"]
[BlackElo "2660"]
[EventDate "2011.03.30"]

1. e4 c5 2. Nf3 d6 3. d4 cxd4 4. Nxd4 Nf6 5. Nc3 a6 6. Bg5 Nbd7 7. Bc4 Qb6
8. Qd2 Qxb2 9. Rb1 Qa3 10. O-O Qc5 11. Bd5 Nxd5 12. Nxd5 f6 13. Ne6 Qc4 14.
Rb4 Qxa2 15. Nec7+ Kf7 16. Nxa8 1-0

[Event "ch-CHN 2011"]
[Site "Xinghua Jiangsu CHN"]
[Date "2011.04.03"]
[Round "5"]
[White "Zhou Jianchao"]
[Black "Xiu Deshun"]
[Result "1-0"]
[WhiteElo "2660"]
[BlackElo "2508"]
[EventDate "2011.03.30"]

1. d4 d5 2. c4 e6 3. Nc3 Bb4 4. Nf3 Nf6 5. cxd5 exd5 6. Bg5 h6 7. Bh4 c5 8.
e3 c4 9. Nd2 g5 10. Bg3 Bf5 11. Be5 Bxc3 12. bxc3 Nbd7 13. Qa4 O-O 14. Bg3
Re8 15. Be2 Re6 16. O-O Qe7 17. Qd1 Qa3 18. Qc1 Qxc1 19. Rfxc1 Rae8 20. a4
Nb8 21. Ra2 Ne4 22. Nxe4 Bxe4 23. a5 Nd7 24. Rb2 b6 25. Ra1 f5 26. axb6
Rxb6 27. Rxb6 axb6 28. Bh5 Re7 29. Ra8+ Kh7 30. Bd6 Rg7 31. Ra7 Nf6 32. Bf7
f4 33. Bf8 fxe3 34. fxe3 Rxf7 35. Rxf7+ Kg6 36. Rb7 Kf5 37. h3 Bc2 38. g4+
Ke6 39. Rxb6+ Kf7 40. Bb4 h5 41. gxh5 Nxh5 42. Rb7+ Kg6 43. Re7 Ng7 44. Re5
Be4 45. Kf2 Nf5 46. Be7 Kh5 47. Bd8 g4 48. hxg4+ Kxg4 49. Re6 Kh5 50. Bc7
Nh4 51. Kg3 Ng6 52. Bf4 Bh1 53. Re8 Be4 54. Rg8 Bf5 1-0

[Event "ch-CHN 2011"]
[Site "Xinghua Jiangsu CHN"]
[Date "2011.04.03"]
[Round "5"]
[White "Zhang Ziyang"]
[Black "Li Chao2"]
[Result "0-1"]
[WhiteElo "2442"]
[BlackElo "2646"]
[EventDate "2011.03.30"]

1. d4 d5 2. c4 c6 3. Nf3 Nf6 4. e3 g6 5. Nc3 Bg7 6. Be2 O-O 7. O-O dxc4 8.
Bxc4 Nbd7 9. b3 Nb6 10. Be2 Nfd5 11. Nxd5 Nxd5 12. Bd2 Bg4 13. h3 Bxf3 14.
Bxf3 c5 15. dxc5 Bxa1 16. Qxa1 Nf6 17. Bc3 Qc7 18. b4 Nd7 19. Rc1 Rfd8 20.
h4 Rac8 21. h5 gxh5 22. Bxh5 a5 23. a3 axb4 24. axb4 Nf8 25. Qa2 Ng6 26.
Qc4 b6 27. Bg4 e6 28. Bf6 Rd5 29. e4 Rd2 30. g3 bxc5 31. Bxe6 Rf8 32. Bd5
Nf4 33. Rf1 Ne2+ 34. Kg2 Nxg3 35. e5 Qd7 36. Bf3 Nxf1 37. Qf4 Qd3 0-1

[Event "ch-CHN 2011"]
[Site "Xinghua Jiangsu CHN"]
[Date "2011.04.04"]
[Round "6"]
[White "Xiu Deshun"]
[Black "Zhang Ziyang"]
[Result "1/2-1/2"]
[WhiteElo "2508"]
[BlackElo "2442"]
[EventDate "2011.03.30"]

1. d4 Nf6 2. c4 e6 3. Nc3 d5 4. Nf3 c5 5. cxd5 Nxd5 6. e4 Nxc3 7. bxc3 cxd4
8. cxd4 Bb4+ 9. Bd2 Bxd2+ 10. Qxd2 O-O 11. Bc4 Nd7 12. O-O b6 13. Rad1 Bb7
14. Rfe1 Rc8 15. Bb3 Qf6 16. Qe3 Rfd8 17. h3 h6 18. Nh2 Qe7 19. Ng4 Nf6 20.
Nxf6+ Qxf6 21. d5 exd5 22. exd5 Qd6 23. Rd4 Rc7 24. Red1 Re7 25. Re4 Rde8
26. Rdd4 Kf8 27. Ba4 Rxe4 28. Rxe4 Rxe4 29. Qxe4 g6 30. Bc6 Bxc6 31. dxc6
Qc5 32. g3 b5 33. Kg2 a5 34. g4 b4 35. h4 Kg7 36. Qe8 a4 37. Qd7 1/2-1/2

[Event "ch-CHN 2011"]
[Site "Xinghua Jiangsu CHN"]
[Date "2011.04.06"]
[Round "7"]
[White "Zhou Jianchao"]
[Black "Li Shilong"]
[Result "1-0"]
[WhiteElo "2660"]
[BlackElo "2520"]
[EventDate "2011.03.30"]

1. d4 Nf6 2. c4 g6 3. f3 Bg7 4. e4 d6 5. Nc3 c6 6. Bg5 a6 7. a4 a5 8. Qd2
Na6 9. Rd1 O-O 10. Bd3 e5 11. Nge2 exd4 12. Nxd4 Qb6 13. Be2 Nc5 14. Be3
Re8 15. O-O Nfd7 16. Qc2 f5 17. Kh1 fxe4 18. fxe4 Ne5 19. h3 Be6 20. b3
Rad8 21. Rb1 Qc7 22. Qd2 Rf8 23. Rfd1 Bc8 24. Bg5 Rde8 25. Bh6 Bxh6 26.
Qxh6 Qe7 27. Qe3 Nf7 28. Re1 Ng5 29. Bd3 Bf5 30. Nxf5 Rxf5 31. Bc2 Re5 32.
Rbd1 Rf8 33. Qg3 Rf6 34. Rd2 Nf7 35. Rf2 Ree6 36. Ref1 Rxf2 37. Qxf2 Ng5
38. Re1 Rf6 39. Qg3 Qe5 40. Qxe5 dxe5 41. Nd1 Nge6 42. Ne3 Nd4 43. Ng4 Re6
44. Bd1 h5 45. Nf2 Rd6 46. h4 Nde6 47. g4 Rd2 48. Re2 Rd4 49. gxh5 gxh5 50.
Re3 Nf4 51. Rg3+ Kf7 52. Rg5 Rd2 53. Rxe5 Nce6 54. Kg1 Nd4 55. Bxh5+ Nxh5
56. Rxh5 Nxb3 57. Rh7+ Kg6 58. Rxb7 Nd4 59. Ra7 Nf3+ 60. Kg2 Ne5 61. Rxa5
Kf6 62. Kg3 Nxc4 63. Ng4+ Kg7 64. Ra7+ Kg6 65. Rc7 Na5 66. Ne5+ Kf6 67.
Nxc6 Nc4 68. Nb4 Ne5 69. a5 Rb2 70. Nd5+ Ke6 71. a6 Ra2 72. a7 Ra3+ 73. Kf4
Kd6 74. h5 Nd3+ 75. Kf5 Nb4 76. Rc8 1-0

[Event "ch-CHN 2011"]
[Site "Xinghua Jiangsu CHN"]
[Date "2011.04.06"]
[Round "7"]
[White "Yu Yangyi"]
[Black "Li Chao2"]
[Result "1/2-1/2"]
[WhiteElo "2652"]
[BlackElo "2646"]
[EventDate "2011.03.30"]

1. e4 e5 2. Nf3 Nf6 3. Nc3 Bb4 4. Nxe5 O-O 5. Be2 Re8 6. Nd3 Bxc3 7. dxc3
Nxe4 8. O-O d6 9. Re1 Nd7 10. Bf1 h6 11. c4 b6 12. f3 Nec5 13. Rxe8+ Qxe8
14. Bf4 Bb7 15. Qe1 Qxe1 16. Rxe1 Ne6 17. Bd2 a5 18. Kf2 Kf8 19. Bc3 Re8
20. g3 f6 21. Bh3 Nec5 22. Rxe8+ Kxe8 23. Bxd7+ Kxd7 24. Nxc5+ dxc5 25. a4
Bc6 26. b3 Kd6 27. Ke2 Be8 28. Bd2 Bg6 29. Bf4+ Kd7 30. Kd2 Bf5 31. Be3
1/2-1/2

[Event "ch-CHN 2011"]
[Site "Xinghua Jiangsu CHN"]
[Date "2011.04.06"]
[Round "7"]
[White "Zhao Jun"]
[Black "Hou Yifan"]
[Result "1/2-1/2"]
[WhiteElo "2580"]
[BlackElo "2602"]
[EventDate "2011.03.30"]

1. c4 e6 2. Nc3 d5 3. d4 Bb4 4. e3 Nf6 5. a3 Bxc3+ 6. bxc3 c6 7. Nf3 O-O 8.
a4 b6 9. cxd5 cxd5 10. Ba3 Re8 11. Bb5 Bd7 12. Bd3 Nc6 13. Bd6 Ne4 14. Bxe4
dxe4 15. Nd2 e5 16. d5 Bf5 17. g4 Bg6 18. Nc4 Ne7 19. Bxe5 f6 20. Bg3 Qxd5
21. Nd6 Red8 22. Qxd5+ Nxd5 23. c4 Nb4 24. O-O Rd7 25. a5 Rad8 26. axb6
axb6 27. Rfb1 Nc6 28. Rxb6 Rxd6 29. Bxd6 Rxd6 30. c5 Re6 31. Ra8+ Re8 32.
Raa6 Ne5 33. Ra7 Rc8 34. Rbb7 Kf8 35. h3 Rxc5 36. Rb8+ Be8 37. Raa8 Nf3+
38. Kg2 Re5 39. Kg3 Re7 40. Ra4 Kf7 41. Rc4 Ne1 42. Rd4 Bc6 43. Rb6 Re6 44.
Rc4 Bd5 45. Rxe6 Kxe6 46. Rc7 g5 47. Rxh7 Nf3 48. Ra7 Nh4 49. Ra6+ Ke5 50.
Ra5 Ke6 1/2-1/2

[Event "ch-CHN 2011"]
[Site "Xinghua Jiangsu CHN"]
[Date "2011.04.07"]
[Round "8"]
[White "Li Chao2"]
[Black "Zhao Jun"]
[Result "0-1"]
[WhiteElo "2646"]
[BlackElo "2580"]
[EventDate "2011.03.30"]

1. d4 Nf6 2. c4 g6 3. Nc3 Bg7 4. e4 d6 5. f4 O-O 6. Nf3 c5 7. d5 e6 8. Bd3
exd5 9. cxd5 Bg4 10. O-O Nbd7 11. h3 Bxf3 12. Qxf3 a6 13. a4 Rb8 14. Be3
Qe7 15. Rae1 Ne8 16. h4 Qxh4 17. Bf2 Qe7 18. Be3 Qh4 19. Bf2 Qe7 20. g4
Bxc3 21. bxc3 f6 22. Kg2 Rf7 23. Rh1 b5 24. axb5 axb5 25. Rh6 Nf8 26. Qg3
b4 27. c4 Ra8 28. Bb1 Ra3 29. Qh2 Rb3 30. Bc2 Rc3 31. Ba4 Rxc4 32. Rh3 Rxe4
33. Rhe3 f5 34. Qg3 Nf6 35. gxf5 Rxe3 36. Rxe3 Ne4 37. f6 Qa7 38. Rxe4 Qxa4
39. Qg5 Qd7 40. Bh4 b3 41. Re7 b2 0-1

[Event "ch-CHN 2011"]
[Site "Xinghua Jiangsu CHN"]
[Date "2011.04.07"]
[Round "8"]
[White "Xiu Deshun"]
[Black "Yu Yangyi"]
[Result "1/2-1/2"]
[WhiteElo "2508"]
[BlackElo "2652"]
[EventDate "2011.03.30"]

1. c4 c5 2. Nf3 g6 3. d4 cxd4 4. Nxd4 Bg7 5. e4 Nc6 6. Be3 Nf6 7. Nc3 O-O
8. Be2 d6 9. O-O Nxd4 10. Bxd4 a5 11. e5 dxe5 12. Bxe5 Bf5 13. Qb3 Ne4 14.
Bxg7 Kxg7 15. Rfd1 Qc7 16. Nd5 Qc5 17. Qe3 Qxe3 18. Nxe3 Rfd8 19. Bd3 Nd6
20. Bxf5 Nxf5 21. Nxf5+ gxf5 22. f4 Kf6 23. Kf2 Rdc8 24. Rac1 Ra6 25. Rd5
Rb6 26. Rc2 a4 27. Ke3 e6 28. Ra5 Rb4 29. Kd3 b6 30. Re5 Ke7 31. Ree2 b5
32. cxb5 Rd8+ 33. Kc3 Rxb5 34. Red2 Rc8+ 35. Kd3 Rcb8 36. Ke3 R8b7 37. g3
h5 38. h4 Rb4 39. Rd4 Rxb2 1/2-1/2

[Event "ch-CHN 2011"]
[Site "Xinghua Jiangsu CHN"]
[Date "2011.04.07"]
[Round "8"]
[White "Zhou Jianchao"]
[Black "Zhang Ziyang"]
[Result "1-0"]
[WhiteElo "2660"]
[BlackElo "2442"]
[EventDate "2011.03.30"]

1. d4 d5 2. c4 c6 3. Nf3 Nf6 4. Nc3 g6 5. e3 Bg7 6. Be2 O-O 7. O-O dxc4 8.
Bxc4 Nbd7 9. a4 Qc7 10. e4 e5 11. d5 Nb6 12. d6 Qd8 13. Nxe5 Ne8 14. Nxf7
Rxf7 15. Bxf7+ Kxf7 16. Bf4 Kg8 17. Bc1 Kf7 18. Bf4 Be6 19. e5 Nd5 20. Nxd5
Bxd5 21. Re1 Qd7 22. Ra3 Bf8 23. Qd2 Ng7 24. Bh6 Ne6 25. h4 Kg8 26. Bg5 Re8
27. Rd3 Qf7 28. b4 Bg7 29. Be7 Bf8 30. Bf6 Bxd6 31. exd6 Qxf6 32. Rxd5 cxd5
33. Qxd5 Kh8 34. Re4 Qf5 35. Qxf5 gxf5 36. d7 Rd8 37. Rxe6 Rxd7 38. Re5 Rd4
39. Re8+ Kg7 40. Re7+ Kh6 41. Rxb7 Rxh4 42. a5 a6 43. Kf1 Re4 44. f3 Rd4
45. g3 Kg5 46. Rxh7 Rxb4 47. Rg7+ Kh5 48. Ra7 Kg5 49. Rxa6 f4 50. Rb6 Ra4
51. Rb5+ Kg6 52. Kg2 fxg3 53. Kxg3 Kf6 54. f4 Ra1 55. Kg4 Rg1+ 56. Kf3 Ra1
57. Ke4 Ra4+ 58. Kd5 Rxf4 59. Kc6 Re4 60. a6 Re6+ 61. Kb7 Re7+ 62. Kb6 Re6+
63. Ka5 Re7 64. Rb6+ Ke5 65. Rb7 1-0

[Event "ch-CHN 2011"]
[Site "Xinghua Jiangsu CHN"]
[Date "2011.04.08"]
[Round "9"]
[White "Zhang Ziyang"]
[Black "Li Shilong"]
[Result "0-1"]
[WhiteElo "2442"]
[BlackElo "2520"]
[EventDate "2011.03.30"]

1. c4 Nf6 2. Nc3 g6 3. e4 d6 4. d4 Bg7 5. f3 O-O 6. Be3 e5 7. Nge2 c6 8.
Qd2 Nbd7 9. O-O-O a6 10. Kb1 b5 11. c5 b4 12. Na4 Qa5 13. Qc2 d5 14. dxe5
Nxe5 15. Nd4 dxe4 16. Nb6 Nd5 17. Nb3 Qxb6 18. cxb6 Nxe3 19. Qc1 Nxd1 20.
Qxd1 exf3 21. gxf3 Bf5+ 22. Ka1 Rad8 23. Qc1 a5 24. f4 Ng4 25. Nxa5 Ne3 26.
Bh3 Nc2+ 27. Kb1 Na3+ 28. Ka1 Bxh3 29. Nxc6 Bf5 30. Ne7+ Kh8 31. Nxf5 gxf5
32. Rg1 Rc8 33. b7 Rc2 34. Qxc2 Nxc2+ 35. Kb1 Rb8 36. Kxc2 Rxb7 37. Rg5 Rb5
38. Kb3 h6 39. Rh5 Bf8 0-1

[Event "ch-CHN 2011"]
[Site "Xinghua Jiangsu CHN"]
[Date "2011.04.09"]
[Round "10"]
[White "Zhou Jianchao"]
[Black "Yu Yangyi"]
[Result "1-0"]
[WhiteElo "2660"]
[BlackElo "2652"]
[EventDate "2011.03.30"]

1. d4 Nf6 2. c4 e6 3. Nc3 Bb4 4. Qc2 c5 5. dxc5 Bxc5 6. Nf3 Qc7 7. Bg5 a6
8. e4 Nc6 9. Be2 Ng4 10. Bh4 O-O 11. Bg3 d6 12. O-O Bd7 13. Rad1 Nge5 14.
a3 Nxf3+ 15. Bxf3 Nd4 16. Qd3 b5 17. cxb5 axb5 18. e5 Nxf3+ 19. gxf3 b4 20.
axb4 Bxb4 21. exd6 Qb6 22. Rc1 Ra5 23. Rfd1 h6 24. Kg2 f5 25. Ne2 e5 26.
Rc7 Rf7 27. Qb3 Kf8 28. Bxe5 Bc5 29. Qxb6 Bxb6 30. Rb7 Rxe5 31. Nf4 Kg8 32.
Rxb6 g5 33. Nd5 Kg7 34. Rb7 Ba4 35. Rxf7+ Kxf7 36. Rd4 Bd7 37. Nb6 Ke6 38.
Nxd7 Kxd7 39. f4 Re2 40. fxg5 hxg5 41. b4 Rb2 42. Kg3 Rb3+ 43. Kg2 g4 44.
Rd5 Rxb4 45. Rxf5 Kxd6 46. Kg3 Ke6 47. Rf4 Rb8 48. Kxg4 Rg8+ 49. Kf3 Rh8
50. h4 Ke5 51. Kg3 Rg8+ 52. Rg4 Rh8 53. Rg6 Kf5 54. Ra6 Rg8+ 55. Kf3 Rf8
56. Rb6 Rf7 57. Rb1 Kg6+ 58. Kg3 Rf6 59. f4 Kg7 60. Rb7+ Kg6 61. Kg4 Ra6
62. h5+ Kh6 63. Re7 Ra5 64. Re6+ Kg7 65. h6+ Kh7 66. f5 Ra1 67. Kg5 Rg1+
68. Kf6 Ra1 69. Kf7 Ra8 70. Re8 Ra7+ 71. Re7 Ra8 72. Re6 Rb8 73. Ke7 Rb7+
74. Kf8 Rb8+ 75. Re8 Rb6 76. Re7+ Kh8 77. Re6 Rb8+ 78. Re8 Rb7 79. f6 Ra7
80. f7 Kh7 81. Rd8 1-0

[Event "ch-CHN 2011"]
[Site "Xinghua Jiangsu CHN"]
[Date "2011.04.10"]
[Round "11"]
[White "Yu Yangyi"]
[Black "Zhang Ziyang"]
[Result "1-0"]
[WhiteElo "2652"]
[BlackElo "2442"]
[EventDate "2011.03.30"]

1. e4 c5 2. Nf3 d6 3. d4 cxd4 4. Qxd4 a6 5. Be3 Nc6 6. Qd2 Nf6 7. Nc3 g6 8.
O-O-O Bg7 9. Nd5 Nxd5 10. exd5 Ne5 11. Nxe5 Bxe5 12. Bd4 Bxd4 13. Qxd4 O-O
14. h4 Qa5 15. h5 Bf5 16. g4 e5 17. dxe6 Bxe6 18. hxg6 fxg6 19. Bc4 Rae8
20. Rxh7 Qg5+ 21. f4 Qxf4+ 22. Qxf4 Rxf4 23. Rdh1 Rxc4 24. Rh8+ Kf7 25.
R1h7+ Kf6 26. Rxe8 Bxg4 27. Rxb7 Bf5 28. c3 Rh4 29. Rb6 Rh2 30. Rxd6+ Kf7
31. Rb8 1-0

[Event "ch-CHN 2011"]
[Site "Xinghua Jiangsu CHN"]
[Date "2011.04.10"]
[Round "11"]
[White "Zhao Jun"]
[Black "Zhou Jianchao"]
[Result "1/2-1/2"]
[WhiteElo "2580"]
[BlackElo "2660"]
[EventDate "2011.03.30"]

1. d4 Nf6 2. c4 e6 3. Nf3 b6 4. g3 Bb4+ 5. Bd2 Bxd2+ 6. Qxd2 Ba6 7. b3 O-O
8. Bg2 d5 9. O-O c6 10. Na3 Nbd7 11. Rac1 Bb7 12. cxd5 cxd5 13. Nb5 a6 14.
Nd6 Qb8 15. Nxb7 Qxb7 16. Qb2 Rac8 17. Nd2 Rxc1 18. Rxc1 Rc8 19. e3 Rc6 20.
Bf1 Qc7 21. Rxc6 Qxc6 22. b4 Nb8 23. b5 axb5 24. Bxb5 Qc7 25. Kg2 g6 26. h3
Kg7 27. Kg1 Nbd7 28. Kg2 Nf8 29. Bd3 N8d7 30. Be2 h6 31. Bd3 Ne8 32. Bb5
Ndf6 33. Bd3 1/2-1/2

[Event "ch-CHN 2011"]
[Site "Xinghua Jiangsu CHN"]
[Date "2011.04.10"]
[Round "11"]
[White "Hou Yifan"]
[Black "Li Chao2"]
[Result "1/2-1/2"]
[WhiteElo "2602"]
[BlackElo "2646"]
[EventDate "2011.03.30"]

1. e4 c5 2. Nf3 d6 3. d4 cxd4 4. Nxd4 Nf6 5. Nc3 a6 6. Be2 e5 7. Nb3 Be7 8.
O-O O-O 9. Be3 b6 10. a4 Bb7 11. f3 Nbd7 12. Qd2 Qc7 13. Rfd1 Rfd8 14. Bf1
h6 15. Qf2 Bf8 16. Rd2 Bc6 17. Kh1 Rdb8 18. Be2 Nc5 19. Nxc5 bxc5 20. b3
Qa5 21. Rd3 Rb4 22. Rdd1 Rd4 23. Qe1 Rxd1 24. Rxd1 d5 25. exd5 Nxd5 26.
Nxd5 Qxe1+ 27. Rxe1 Bxd5 28. Rd1 Be6 29. Kg1 f5 30. g3 c4 31. bxc4 Rc8 32.
c5 Bxc5 33. Bxc5 Rxc5 34. Bxa6 Rxc2 35. Bb7 Rc5 36. Rd6 Kf7 37. Rc6 Rxc6
38. Bxc6 Ke7 39. Kf2 Kd6 40. Be8 g5 41. f4 gxf4 42. gxf4 e4 43. Ke3 Bd7 44.
Bg6 Kc5 45. Bf7 Kb4 46. Bd5 Kxa4 47. Bxe4 fxe4 48. Kxe4 Kb5 49. Ke5 Kc6 50.
f5 Kc7 51. f6 Kd8 52. Kd6 Ke8 53. f7+ Kxf7 54. Kxd7 1/2-1/2